| Поле | Инд. | ПП | Название | Значение |
|---|---|---|---|---|
| Тип записи | a | |||
| Библиографический уровень | b | |||
| 001 | Контрольный номер | RU/IS/BASE/441214743 | ||
| 005 | Дата корректировки | 20200522191632.1 | ||
| 008 | Кодируемые данные | 20131224 | ||
| 040 | b | Код языка каталог. | rus | |
| e | Правила каталог. | PSBO | ||
| 041 | 0_ | a | Код языка текста | rus |
| 084 | a | Индекс другой классификации/Индекс ББК | 65.9(2Рос-4Ниж)-551; 72.4(2Рос) | |
| 100 | 1_ | a | Автор | Трифонов Ю. |
| 100 | 1_ | a | Автор | Ширяева Ю. |
| 100 | 1_ | a | Автор | Веретенникова А. |
| 245 | 10 | a | Заглавие | Развитие технопарка "Саров" и его влияние на экономику региона |
| 504 | a | Библиография | Лит. в конце статьи | |
| 520 | a | Аннотация | Рассматриваются особенности функционирования технопарков, в том числе в атомной промышленности. Проанализировано влияние деятельности технопарков на социально-экономическое развитие региона и муниципального образования. Предложены пути дальнейшего взаимодействия технопарков и муниципалитетов. | |
| 650 | 14 | a | Основная рубрика | наука |
| a | Основная рубрика | организация науки | ||
| a | Основная рубрика | региональная экономика | ||
| a | Основная рубрика | экономика | ||
| 653 | 1_ | a | Ключевые слова | "Саров" (технопарк) |
| a | Ключевые слова | атомная промышленность | ||
| a | Ключевые слова | высокие технологии | ||
| a | Ключевые слова | высококвалифицированные кадры | ||
| a | Ключевые слова | инновационная экономика | ||
| a | Ключевые слова | инновационные кластеры | ||
| a | Ключевые слова | конкурентоспособность экономики | ||
| a | Ключевые слова | Нижегородская область | ||
| a | Ключевые слова | развитие региона | ||
| a | Ключевые слова | регионы России | ||
| a | Ключевые слова | Россия | ||
| a | Ключевые слова | Саров | ||
| a | Ключевые слова | социально-экономическое развитие | ||
| a | Ключевые слова | стимулирование инноваций | ||
| a | Ключевые слова | технопарки | ||
| a | Ключевые слова | человеческий капитал | ||
| a | Ключевые слова | экономический рост | ||
| a | Ключевые слова | эффективность экономики | ||
| 773 | 08 | t | Заглавие источника | РИСК: ресурсы, информация, снабжение, конкуренция |
| d | Дата издания источника | 2012 | ||
| g | Прочая информация | № 3. - С. 123 - 126 : табл., граф., диагр. | ||
| w | Контрольный № источника | RU/IS/BASE/407439363 | ||
| 901 | t | Тип документа | b |